[Event "Varsity Oxbridge m 136th"]
[Site "London"]
[Date "2018.03.03"]
[Round "1.3"]
[White "Foo, Zhi Rong Benjamin"]
[Black "Choong, Yita"]
[Result "0-1"]
[WhiteElo "2254"]
[BlackElo "2211"]
[PlyCount "72"]
[EventDate "2018.03.03"]
[EventType "team-match"]
[EventRounds "1"]
[EventCountry "ENG"]
[SourceTitle "CBM 183 Extra"]
[Source "ChessBase"]
[SourceDate "2018.04.19"]
[SourceVersion "1"]
[SourceVersionDate "2018.04.19"]
[SourceQuality "1"]
[WhiteTeam "Oxford Univeristy"]
[BlackTeam "Cambridge University"]
[WhiteTeamCountry "ENG"]
[BlackTeamCountry "ENG"]

1. e4 c6 2. d4 d5 3. Nc3 dxe4 4. Nxe4 Bf5 5. Ng3 Bg6 6. Nf3 Nd7 7. Nh4 e6 8. Nxg6 hxg6 9. Bd3 Ngf6 10. c3 Bd6 11. Qf3 Qc7 12. Ne4 Nxe4 13. Bxe4 Nf6 14. Bc2 c5 15. dxc5 Bxc5 16. Ba4+ Kf8 17. Bf4 e5 18. Be3 e4 19. Bxc5+ Qxc5 20. Qe2 Rd8 21. 0-0 Rh5 22. Bb3 Qe5 23. h3 Rd3 24. f3 Qc5+ 25. Kh1 Re3 26. Qd1 Qc7 27. Rf2 Qg3 28. Qd8+ Ne8 29. Raf1 exf3 30. Bxf7 fxg2+ 31. Rxg2 Qxh3+ 32. Kg1 Qh1+ 33. Kf2 Re2+ 34. Kxe2 Qxg2+ 35. Ke3 Re5+ 36. Kf4 Re4# 0-1

[Event "Oceania zt 3.6"]
[Site "Auckland"]
[Date "2017.01.16"]
[Round "4"]
[White "Louie, Ryan"]
[Black "Choong, Yita"]
[Result "0-1"]
[WhiteElo "1972"]
[BlackElo "2275"]
[PlyCount "94"]
[EventDate "2017.01.14"]
[EventType "swiss"]
[EventRounds "9"]
[EventCountry "NZL"]
[SourceTitle "CBM 176 Extra"]
[Source "ChessBase"]
[SourceDate "2017.03.02"]
[SourceVersion "1"]
[SourceVersionDate "2017.03.02"]
[SourceQuality "1"]

1. d4 Nf6 2. c4 g6 3. Nc3 Bg7 4. e4 d6 5. Nf3 0-0 6. Be2 e5 7. 0-0 Nc6 8. d5 Ne7 9. Ne1 Nd7 10. f3 f5 11. Nd3 Nf6 12. b4 f4 13. Ba3 g5 14. c5 Ng6 15. b5 h5 16. Nf2 Rf7 17. Bb4 Bf8 18. cxd6 Bxd6 19. Bxd6 cxd6 20. a4 Rg7 21. Ra3 Nh8 22. Nb1 g4 23. fxg4 hxg4 24. a5 g3 25. hxg3 fxg3 26. Nh3 Nxe4 27. Bd3 Qh4 28. Bxe4 Qxe4 29. Qf3 Qd4+ 30. Qe3 Qh4 31. Rf3 Bxh3 32. gxh3 Qxh3 33. Rxg3 Qxg3+ 34. Qxg3 Rc8 35. Qxg7+ Kxg7 36. Rc3 Rxc3 37. Nxc3 Nf7 38. a6 b6 39. Na4 Ng5 40. Kf2 Ne4+ 41. Ke3 Nf6 42. Kd3 Nxd5 43. Kc4 Nc7 44. Nb2 Kf6 45. Nd3 d5+ 46. Kb4 Ke6 47. Nc5+ bxc5+ 0-1

[Event "Australian op"]
[Site "Brisbane"]
[Date "2017.01.09"]
[Round "8"]
[White "Choong, Yita"]
[Black "Ikeda, Junta"]
[Result "0-1"]
[WhiteElo "2275"]
[BlackElo "2388"]
[PlyCount "42"]
[EventDate "2017.01.02"]
[EventType "swiss"]
[EventRounds "11"]
[EventCountry "AUS"]
[SourceTitle "CBM 176 Extra"]
[Source "ChessBase"]
[SourceDate "2017.03.02"]
[SourceVersion "1"]
[SourceVersionDate "2017.03.02"]
[SourceQuality "1"]

1. d4 Nf6 2. c4 b6 3. Nf3 Bb7 4. Nc3 e6 5. a3 Be7 6. Qc2 c5 7. d5 exd5 8. cxd5 Nxd5 9. Qe4 f5 10. Qxf5 Nxc3 11. bxc3 Bf6 12. Qc2 Qe7 13. e3 Be4 14. Bd3 d5 15. Bb2 Nc6 16. Qa4 Rc8 17. 0-0-0 Bxd3 18. Rxd3 Qe4 19. Qa6 0-0 20. Rhd1 Na5 21. Nd2 Qa4 0-1

[Event "AUS-ch"]
[Site "Melbourne"]
[Date "2016.01.11"]
[Round "10"]
[White "Choong, Yita"]
[Black "Brown, Andrew"]
[Result "1-0"]
[WhiteElo "2219"]
[BlackElo "2271"]
[PlyCount "101"]
[EventDate "2016.01.02"]
[EventType "swiss"]
[EventRounds "11"]
[EventCountry "AUS"]
[SourceTitle "CBM 170 Extra"]
[Source "ChessBase"]
[SourceDate "2016.02.25"]
[SourceVersion "1"]
[SourceVersionDate "2016.02.25"]
[SourceQuality "1"]

1. e4 c5 2. d4 cxd4 3. c3 dxc3 4. Nxc3 e6 5. Nf3 Nc6 6. Bc4 d6 7. 0-0 Be7 8. Qe2 a6 9. Rd1 b5 10. Bb3 Na5 11. Bf4 Qb6 12. Bd5 exd5 13. Nxd5 Qb7 14. Rac1 Be6 15. Rc7 Bxd5 16. Rxb7 Bxb7 17. e5 d5 18. Nd4 Nc6 19. Nxb5 axb5 20. Qxb5 0-0-0 21. Qb6 g5 22. Bg3 Nf6 23. exf6 Bd6 24. Rxd5 Bxg3 25. Rxd8+ Rxd8 26. hxg3 Rd1+ 27. Kh2 Rd5 28. g4 Ne5 29. Qb4 Bc6 30. a4 Bd7 31. f3 Kc7 32. Qc3+ Kd6 33. Qa3+ Kc7 34. b4 Kb7 35. b5 Be6 36. Qe7+ Nd7 37. Qb4 Nxf6 38. Qc3 Nd7 39. Qc6+ Kb8 40. a5 Re5 41. Qd6+ Kb7 42. Qa6+ Kc7 43. Qa7+ Kd6 44. b6 Bc4 45. b7 Rb5 46. Qd4+ Bd5 47. a6 Kc7 48. Qc3+ Kb6 49. Qc8 Bc6 50. Qxd7 Bxd7 51. b8Q+ 1-0

[Event "AUS-ch"]
[Site "Melbourne"]
[Date "2016.01.05"]
[Round "5"]
[White "Levi, Eddy"]
[Black "Choong, Yita"]
[Result "0-1"]
[WhiteElo "2191"]
[BlackElo "2219"]
[PlyCount "113"]
[EventDate "2016.01.02"]
[EventType "swiss"]
[EventRounds "11"]
[EventCountry "AUS"]
[SourceTitle "CBM 170 Extra"]
[Source "ChessBase"]
[SourceDate "2016.02.25"]
[SourceVersion "1"]
[SourceVersionDate "2016.02.25"]
[SourceQuality "1"]

1. e4 c6 2. d4 d5 3. Nc3 dxe4 4. Nxe4 Bf5 5. Ng3 Bg6 6. h4 h6 7. Nf3 Nd7 8. h5 Bh7 9. Bd3 Bxd3 10. Qxd3 e6 11. Bf4 Qa5+ 12. Bd2 Bb4 13. c3 Be7 14. c4 Qc7 15. 0-0-0 Ngf6 16. Kb1 0-0 17. Ne4 c5 18. Nxf6+ Nxf6 19. g4 cxd4 20. g5 hxg5 21. Nxg5 Bd6 22. Rdg1 Kh8 23. Ne4 Be5 24. Nxf6 Bxf6 25. Rh3 Rac8 26. Rf3 Qxc4 27. Qxc4 Rxc4 28. h6 Rc7 29. Bf4 Rd7 30. hxg7+ Bxg7 31. Be5 f6 32. Bf4 e5 33. Rh3+ Kg8 34. Bd2 Rff7 35. f4 e4 36. f5 e3 37. Bb4 Rd5 38. Rh4 d3 39. Re4 d2 40. Kc2 Rfd7 41. Kd1 Rd4 42. Rxd4 Rxd4 43. Bc5 Re4 44. Ke2 Kf7 45. Bxa7 Bh6 46. Bc5 Rh4 47. Bd6 Ke8 48. b3 Kd7 49. Bb8 Kc6 50. a4 Kc5 51. Bg3 Rd4 52. Bb8 Kb4 53. Ba7 Rf4 54. Bxe3 Re4 55. Rg4 Rxg4 56. Bxh6 Rg2+ 57. Kd1 0-1

[Event "AUS-ch"]
[Site "Melbourne"]
[Date "2016.01.04"]
[Round "4"]
[White "Choong, Yita"]
[Black "Gorka, Carl"]
[Result "1/2-1/2"]
[WhiteElo "2219"]
[BlackElo "2149"]
[PlyCount "100"]
[EventDate "2016.01.02"]
[EventType "swiss"]
[EventRounds "11"]
[EventCountry "AUS"]
[SourceTitle "CBM 170 Extra"]
[Source "ChessBase"]
[SourceDate "2016.02.25"]
[SourceVersion "1"]
[SourceVersionDate "2016.02.25"]
[SourceQuality "1"]

1. Nf3 d5 2. c4 e6 3. g3 Nf6 4. b3 Be7 5. Bg2 0-0 6. 0-0 c5 7. e3 Nc6 8. Bb2 b6 9. Nc3 Bb7 10. Qe2 d4 11. exd4 Nxd4 12. Nxd4 Bxg2 13. Kxg2 Qxd4 14. d3 Qd7 15. Ne4 Rad8 16. Rad1 Qc6 17. Bxf6 Bxf6 18. Qf3 Kh8 19. Nxf6 Qxf3+ 20. Kxf3 gxf6 21. Ke3 Rd4 22. b4 Rfd8 23. bxc5 bxc5 24. f4 Kg7 25. Rd2 Rb8 26. Rff2 e5 27. fxe5 fxe5 28. Rb2 Rbd8 29. Rb3 Kg6 30. Ra3 R8d7 31. Rc2 f5 32. Rcc3 Kg5 33. Ra5 Rc7 34. Ra6 f4+ 35. Kf3 fxg3 36. hxg3 Rf7+ 37. Kg2 Rfd7 38. Rc6 Rxd3 39. Rxd3 Rxd3 40. Rxc5 Kg4 41. Rxe5 Rxg3+ 42. Kf2 Ra3 43. Re2 Kf4 44. c5 Rc3 45. Re7 a5 46. Rxh7 Rxc5 47. Rh4+ Ke5 48. Rh5+ Kd4 49. Rxc5 Kxc5 50. Ke2 Kb4 1/2-1/2

[Event "Doeberl Cup 53rd"]
[Site "Canberra"]
[Date "2015.04.04"]
[Round "6"]
[White "Choong, Yita"]
[Black "Tao, Trevor"]
[Result "0-1"]
[WhiteElo "2196"]
[BlackElo "2413"]
[PlyCount "86"]
[EventDate "2015.04.02"]
[EventType "swiss"]
[EventRounds "9"]
[EventCountry "AUS"]
[SourceTitle "EXT 2018"]
[Source "ChessBase"]
[SourceDate "2017.10.13"]
[SourceVersion "1"]
[SourceVersionDate "2017.10.13"]
[SourceQuality "1"]

1. d4 c5 2. e4 cxd4 3. c3 d3 4. Bxd3 Nc6 5. c4 g6 6. Nf3 Bg7 7. 0-0 d6 8. h3 Qb6 9. Qe2 Bd7 10. Rd1 Rc8 11. Nc3 Bxc3 12. bxc3 Qc7 13. c5 dxc5 14. e5 Rd8 15. Bc4 h6 16. Bf4 Qc8 17. Rxd7 Qxd7 18. e6 fxe6 19. Qe4 Kf8 20. Nh4 g5 21. Ng6+ Kg7 22. Be5+ Nf6 23. Nxh8 Rxh8 24. Bb3 Nxe5 25. Qxe5 Qd6 26. Qe1 e5 27. Rd1 Qc7 28. Qe2 e4 29. Qc4 e5 30. Rd6 Re8 31. Rd1 Re7 32. Rd2 b6 33. Rd1 Qc6 34. a4 Qc7 35. Rd2 h5 36. Rd1 e3 37. fxe3 e4 38. Qe2 Qe5 39. Qc4 Kh6 40. Rd8 Qg3 41. Qe2 g4 42. Qf1 Qxe3+ 43. Kh1 Qg5 0-1

[Event "AUS-ch"]
[Site "Melbourne"]
[Date "2014.01.09"]
[Round "9"]
[White "Jordan, William J"]
[Black "Choong, Yita"]
[Result "1-0"]
[WhiteElo "2270"]
[BlackElo "2203"]
[PlyCount "101"]
[EventDate "2014.01.02"]
[EventType "swiss"]
[EventRounds "11"]
[EventCountry "AUS"]
[SourceTitle "CBM 158 Extra"]
[Source "ChessBase"]
[SourceDate "2014.02.28"]
[SourceVersion "1"]
[SourceVersionDate "2014.02.28"]
[SourceQuality "1"]

1. e4 c6 2. d4 d5 3. e5 c5 4. dxc5 e6 5. Bd3 Nc6 6. Nf3 Bxc5 7. 0-0 Nge7 8. Bf4 Ng6 9. Bg3 0-0 10. Nbd2 f5 11. exf6 Qxf6 12. c3 Bd7 13. Nb3 Bb6 14. Bc2 Nf4 15. a4 a5 16. Qd2 g5 17. Rad1 Be8 18. Rde1 Rd8 19. Nbd4 Nxd4 20. cxd4 Rc8 21. Re3 Rc4 22. b3 Rb4 23. Rfe1 Bd7 24. Re5 g4 25. Rg5+ Kh8 26. Rxg4 e5 27. Rh4 Nxg2 28. Bxe5 Nxh4 29. Nxh4 Bxd4 30. Bxf6+ Rxf6 31. Re7 Bxf2+ 32. Qxf2 Rxf2 33. Rxh7+ Kg8 34. Kxf2 Be6 35. Rh6 Bf7 36. Nf5 d4 37. Rh3 Be6 38. Rg3+ Kf8 39. Rf3 Bd5 40. Rf4 d3 41. Nd4+ Ke7 42. Bxd3 Bxb3 43. Re4+ Kf6 44. Nxb3 Rxb3 45. Bb5 Kf5 46. Re3 Rb2+ 47. Kg3 b6 48. Rf3+ Kg6 49. h4 Kh6 50. Rf6+ Kh5 51. Be8# 1-0

[Event "AUS-ch"]
[Site "Melbourne"]
[Date "2014.01.07"]
[Round "7"]
[White "Wallis, Christopher"]
[Black "Choong, Yita"]
[Result "1/2-1/2"]
[WhiteElo "2346"]
[BlackElo "2203"]
[PlyCount "123"]
[EventDate "2014.01.02"]
[EventType "swiss"]
[EventRounds "11"]
[EventCountry "AUS"]
[SourceTitle "CBM 158 Extra"]
[Source "ChessBase"]
[SourceDate "2014.02.28"]
[SourceVersion "1"]
[SourceVersionDate "2014.02.28"]
[SourceQuality "1"]

1. Nf3 Nf6 2. c4 c5 3. Nc3 e6 4. g3 b6 5. Bg2 Bb7 6. 0-0 Be7 7. Re1 0-0 8. e4 d6 9. d4 cxd4 10. Nxd4 Qc7 11. Ndb5 Qc6 12. Be3 a6 13. Na3 Nbd7 14. f4 Rfe8 15. g4 g6 16. g5 Nh5 17. Rc1 Qc7 18. Bf3 Ng7 19. Qe2 Rac8 20. Qf2 Ba8 21. Red1 Qb8 22. Rc2 Qb7 23. Bg2 Qa7 24. Rcd2 Red8 25. Kh1 Qc7 26. Rd3 Rb8 27. Rf1 Bf8 28. Qg3 Qc8 29. Bd4 Re8 30. Qh4 e5 31. Rh3 Nh5 32. Be3 exf4 33. Bxf4 Ne5 34. Nd5 Bg7 35. Bxe5 Rxe5 36. Bf3 h6 37. Bxh5 hxg5 38. Qg4 gxh5 39. Qxh5 Qe6 40. Qh7+ Kf8 41. Rhf3 g4 42. Rf6 Bxd5 43. cxd5 Qxf6 44. Rxf6 Bxf6 45. Nc4 Ke7 46. Nxe5 Bxe5 47. Qh4+ Bf6 48. Qxg4 Bxb2 49. Qe2 Be5 50. h4 b5 51. h5 a5 52. h6 b4 53. Qf2 Rh8 54. Qa7+ Kf6 55. Qxa5 Rxh6+ 56. Kg1 Rh2 57. Qd8+ Kg6 58. Qg8+ Kf6 59. Qa8 Rb2 60. Qd8+ Kg6 61. Qg8+ Kf6 62. Qd8+ 1/2-1/2

[Event "AUS-ch"]
[Site "Melbourne"]
[Date "2014.01.05"]
[Round "5"]
[White "Loh, Zachary"]
[Black "Choong, Yita"]
[Result "1/2-1/2"]
[WhiteElo "2032"]
[BlackElo "2203"]
[PlyCount "57"]
[EventDate "2014.01.02"]
[EventType "swiss"]
[EventRounds "11"]
[EventCountry "AUS"]
[SourceTitle "CBM 158 Extra"]
[Source "ChessBase"]
[SourceDate "2014.02.28"]
[SourceVersion "1"]
[SourceVersionDate "2014.02.28"]
[SourceQuality "1"]

1. d4 Nf6 2. c4 g6 3. Nc3 d5 4. Nf3 Bg7 5. Bf4 0-0 6. Rc1 c6 7. e3 a6 8. Bd3 dxc4 9. Bxc4 b5 10. Bb3 a5 11. 0-0 a4 12. Bc2 Na6 13. Ne5 Bb7 14. h3 Qb6 15. Ne4 Rad8 16. Qe2 Nd7 17. Nd3 Rfe8 18. Rfd1 Nf6 19. Nec5 Nxc5 20. Nxc5 Nd5 21. Bg3 Bc8 22. Be4 Bf8 23. Nd3 Be6 24. Qc2 f5 25. Bf3 Rc8 26. Qd2 Red8 27. Nc5 Bf7 28. Qe1 Nf6 29. b3 1/2-1/2

[Event "AUS-ch"]
[Site "Melbourne"]
[Date "2014.01.02"]
[Round "1"]
[White "Cheng, Bobby Sky"]
[Black "Choong, Yita"]
[Result "1-0"]
[WhiteElo "2433"]
[BlackElo "2203"]
[PlyCount "85"]
[EventDate "2014.01.02"]
[EventType "swiss"]
[EventRounds "11"]
[EventCountry "AUS"]
[SourceTitle "CBM 158 Extra"]
[Source "ChessBase"]
[SourceDate "2014.02.28"]
[SourceVersion "1"]
[SourceVersionDate "2014.02.28"]
[SourceQuality "1"]

1. d4 d5 2. c4 c6 3. Nf3 Nf6 4. Nc3 dxc4 5. a4 Bf5 6. Ne5 Nbd7 7. Nxc4 Nb6 8. Ne5 a5 9. f3 Nfd7 10. e4 Nxe5 11. exf5 Ned7 12. d5 Nf6 13. Qb3 Qc7 14. Bf4 Qxf4 15. Qxb6 Qb4 16. Bb5 cxb5 17. Qxb7 Rd8 18. Qc6+ Rd7 19. 0-0 Nxd5 20. Nxb5 e6 21. Rac1 Be7 22. fxe6 fxe6 23. Qxe6 Rd8 24. Rfd1 Qf4 25. Qc6+ Kf8 26. Rc4 Qe3+ 27. Kh1 h5 28. Rcd4 Rh6 29. Qc4 Re6 30. h3 Re5 31. Nc3 Qf2 32. Nxd5 Re1+ 33. Rxe1 Qxe1+ 34. Kh2 Bd6+ 35. f4 h4 36. Qd3 Qe6 37. Qh7 Rb8 38. Qxh4 Rxb2 39. Ne3 Bc7 40. Nd5 Bd6 41. Qd8+ Kf7 42. Qxa5 Qe2 43. Ne3 1-0

[Event "Australian op"]
[Site "Cammeray"]
[Date "2013.01.13"]
[Round "11"]
[White "Choong, Yita"]
[Black "Li, Zuhao Luke"]
[Result "1-0"]
[WhiteElo "2161"]
[BlackElo "2261"]
[PlyCount "113"]
[EventDate "2013.01.02"]
[EventType "swiss"]
[EventRounds "11"]
[EventCountry "AUS"]
[SourceTitle "CBM 152 Extra"]
[Source "ChessBase"]
[SourceDate "2013.02.25"]
[SourceVersion "1"]
[SourceVersionDate "2013.02.25"]
[SourceQuality "1"]

1. e4 e5 2. Nf3 Nc6 3. Bb5 a6 4. Ba4 Nf6 5. 0-0 Be7 6. Re1 b5 7. Bb3 d6 8. c3 0-0 9. h3 Nb8 10. d4 Nbd7 11. Nbd2 Bb7 12. a4 c5 13. Bc2 Re8 14. Nf1 Bf8 15. d5 c4 16. Kh2 Qc7 17. g4 g6 18. Ng3 Nc5 19. Rg1 Reb8 20. g5 Nfd7 21. Nh4 Bg7 22. Ngf5 Bf8 23. Nh6+ Bxh6 24. gxh6 Bc8 25. Qf3 b4 26. Nf5 Kf8 27. Rxg6 fxg6 28. Nxd6+ Ke7 29. Qf7+ Kxd6 30. Bg5 Nf6 31. Qxf6+ Be6 32. f4 b3 33. Bd1 Re8 34. Qxe5+ Kd7 35. dxe6+ Nxe6 36. Qd5+ Qd6 37. Bg4 Kc7 38. Qxc4+ Qc6 39. Qxc6+ Kxc6 40. Bxe6 Rxe6 41. e5 Ra7 42. Kg3 Rd7 43. Ra3 Rb7 44. Kf3 Kd5 45. Ra1 Rc6 46. Rd1+ Ke6 47. Ke4 Rc4+ 48. Rd4 Rxd4+ 49. cxd4 Rb4 50. h4 Rxa4 51. h5 gxh5 52. f5+ Kd7 53. e6+ Kd6 54. Bf4+ Ke7 55. Ke5 Rb4 56. f6+ Kf8 57. f7 1-0

[Event "Australian op"]
[Site "Cammeray"]
[Date "2013.01.11"]
[Round "9"]
[White "Choong, Yita"]
[Black "Sukandar, Irine Kharisma"]
[Result "1/2-1/2"]
[WhiteElo "2161"]
[BlackElo "2362"]
[PlyCount "131"]
[EventDate "2013.01.02"]
[EventType "swiss"]
[EventRounds "11"]
[EventCountry "AUS"]
[SourceTitle "CBM 152 Extra"]
[Source "ChessBase"]
[SourceDate "2013.02.25"]
[SourceVersion "1"]
[SourceVersionDate "2013.02.25"]
[SourceQuality "1"]

1. e4 c5 2. d4 cxd4 3. c3 d3 4. Bxd3 Nc6 5. c4 g6 6. Nf3 Bg7 7. 0-0 d6 8. h3 Nf6 9. Nc3 0-0 10. Be3 Nd7 11. Rc1 Nde5 12. Be2 Nxf3+ 13. Bxf3 Qa5 14. Qd2 Be6 15. Be2 Rfc8 16. b3 Qd8 17. f4 f5 18. Bf3 Bf7 19. g4 fxg4 20. hxg4 g5 21. e5 gxf4 22. e6 Bxe6 23. Bd5 Qd7 24. Rxf4 Kh8 25. Ne4 Ne5 26. Ng5 Bxd5 27. Qxd5 Bf6 28. Bd4 Qc6 29. Qxc6 Rxc6 30. Bxe5 dxe5 31. Rf5 Bxg5 32. Rxg5 Re6 33. Kf2 Rg8 34. Rxg8+ Kxg8 35. Ke3 Rg6 36. Ke4 Rxg4+ 37. Kxe5 Rg2 38. a4 Re2+ 39. Kf4 Kg7 40. c5 Rb2 41. Rc3 Kf7 42. Rh3 Rc2 43. Rxh7+ Ke8 44. Rh8+ Kd7 45. Rb8 Kc7 46. Re8 Rc3 47. Rxe7+ Kc6 48. Re3 Rc1 49. Ke4 Kxc5 50. Kd3 Kb4 51. Re7 b6 52. Rxa7 Rc3+ 53. Kd2 Rxb3 54. Kc2 Ra3 55. Kb2 Rxa4 56. Rh7 Ra8 57. Rh4+ Ka5 58. Rh3 Rg8 59. Kb1 Rg2 60. Kc1 b5 61. Kb1 Kb4 62. Rf3 Ka4 63. Rh3 b4 64. Rf3 Rh2 65. Rg3 b3 66. Rg8 1/2-1/2

[Event "Australian op"]
[Site "Cammeray"]
[Date "2013.01.02"]
[Round "1"]
[White "Setiabudi, Megan"]
[Black "Choong, Yita"]
[Result "0-1"]
[WhiteElo "1809"]
[BlackElo "2161"]
[PlyCount "70"]
[EventDate "2013.01.02"]
[EventType "swiss"]
[EventRounds "11"]
[EventCountry "AUS"]
[SourceTitle "CBM 152 Extra"]
[Source "ChessBase"]
[SourceDate "2013.02.25"]
[SourceVersion "1"]
[SourceVersionDate "2013.02.25"]
[SourceQuality "1"]

1. e4 c5 2. Nc3 a6 3. f4 b5 4. Nf3 Bb7 5. d3 e6 6. Be2 d5 7. exd5 exd5 8. 0-0 Nf6 9. Qe1 Be7 10. Ne5 Nc6 11. Nxc6 Bxc6 12. Bf3 b4 13. Ne2 0-0 14. Bd2 Re8 15. Qf2 Ne4 16. Qe1 Nxd2 17. Qxd2 Bf6 18. Rab1 Qb6 19. Kh1 Rad8 20. Rfd1 a5 21. d4 cxd4 22. Rg1 Bb5 23. Rbd1 d3 24. cxd3 Re3 25. Nc1 Qd4 26. f5 Bg5 27. Nb3 Qh4 28. Qc2 a4 29. Nc1 Qf4 30. Qc5 Rxf3 31. Qxb5 Rh3 32. gxh3 Qf3+ 33. Rg2 Qxd1+ 34. Rg1 Qf3+ 35. Rg2 Bxc1 0-1

[Event "Perth Metro Club-ch"]
[Site "Perth"]
[Date "2012.03.22"]
[Round "6"]
[White "Roza, Peter"]
[Black "Choong, Yita"]
[Result "1/2-1/2"]
[WhiteElo "1970"]
[BlackElo "2237"]
[PlyCount "107"]
[EventDate "2012.02.09"]
[EventType "tourn"]
[EventRounds "9"]
[EventCountry "AUS"]
[SourceTitle "EXT 2013"]
[Source "ChessBase"]
[SourceDate "2012.11.22"]
[SourceVersion "1"]
[SourceVersionDate "2012.11.22"]
[SourceQuality "1"]

1. d4 Nf6 2. Bg5 Ne4 3. Bf4 c5 4. f3 Qa5+ 5. c3 Nf6 6. Nd2 cxd4 7. Nb3 Qb6 8. Qxd4 Qxd4 9. cxd4 d5 10. e3 e6 11. Rc1 Bb4+ 12. Kf2 Ke7 13. g4 Nc6 14. Ne2 Bd6 15. Bxd6+ Kxd6 16. Nc3 Bd7 17. Nc5 Rab8 18. a3 Rhc8 19. b4 Be8 20. Bd3 g6 21. Rc2 e5 22. Rhc1 a6 23. Nxb7+ Rxb7 24. Bxa6 Rcb8 25. Bxb7 Rxb7 26. b5 Na5 27. dxe5+ Kxe5 28. g5 Nd7 29. Rd1 Nb6 30. f4+ Kd6 31. Ne4+ Ke7 32. Nf6 Bxb5 33. Nxd5+ Nxd5 34. Rxd5 Nb3 35. Rb2 Bc4 36. Re5+ Kd6 37. e4 Ra7 38. Re8 Rxa3 39. Rc8 Nc1 40. Rb6+ Kd7 41. Rxc4 Nd3+ 42. Kf1 Nxf4 43. Rb7+ Ke6 44. Rc6+ Ke5 45. Rxf7 Ra1+ 46. Kf2 Nh3+ 47. Kg3 Nxg5 48. Re7+ Kd4 49. e5 Ne4+ 50. Kg2 Ra2+ 51. Kg1 Ra1+ 52. Kg2 Ra2+ 53. Kf1 Nd2+ 54. Ke1 1/2-1/2

[Event "Perth Metro Club-ch"]
[Site "Perth"]
[Date "2012.03.15"]
[Round "5"]
[White "Choong, Yita"]
[Black "Fedec, John"]
[Result "1/2-1/2"]
[WhiteElo "2237"]
[BlackElo "1877"]
[PlyCount "40"]
[EventDate "2012.02.09"]
[EventType "tourn"]
[EventRounds "9"]
[EventCountry "AUS"]
[SourceTitle "EXT 2013"]
[Source "ChessBase"]
[SourceDate "2012.11.22"]
[SourceVersion "1"]
[SourceVersionDate "2012.11.22"]
[SourceQuality "1"]

1. e4 c5 2. Nf3 d6 3. d4 cxd4 4. Nxd4 Nf6 5. Nc3 g6 6. Be3 Bg7 7. f3 0-0 8. Qd2 Nc6 9. Bc4 Bd7 10. 0-0-0 Qa5 11. g4 Rfc8 12. Bb3 Ne5 13. h4 Rc4 14. Qe2 Rac8 15. Bxc4 Nxc4 16. Nb3 Qb4 17. Bd4 e5 18. Bf2 Nxb2 19. Kxb2 Qxc3+ 20. Kb1 Bb5 1/2-1/2

[Event "AUS-ch U18"]
[Site "Adelaide"]
[Date "2009.01.12"]
[Round "10"]
[White "Choong, Yita"]
[Black "Boni, Christopher"]
[Result "1-0"]
[WhiteElo "2058"]
[BlackElo "1447"]
[PlyCount "89"]
[EventDate "2009.01.02"]
[EventType "swiss"]
[EventRounds "11"]
[EventCountry "AUS"]
[SourceTitle "CBM 128 Extra"]
[Source "ChessBase"]
[SourceDate "2009.03.05"]
[SourceVersion "2"]
[SourceVersionDate "2009.03.25"]
[SourceQuality "1"]

1. e4 c5 2. Nf3 d6 3. d4 cxd4 4. Nxd4 Nf6 5. Nc3 g6 6. Be3 Bg7 7. f3 Nc6 8. Qd2 0-0 9. 0-0-0 d5 10. exd5 Nxd5 11. Nxc6 bxc6 12. Bd4 Be6 13. Bxg7 Kxg7 14. Bc4 Qc7 15. Nxd5 Bxd5 16. Bxd5 cxd5 17. Qxd5 Rfd8 18. Qe4 f5 19. Qe6 Rac8 20. Qe2 Qf4+ 21. Kb1 Qb4 22. Qe5+ Kh6 23. Rhe1 Rd2 24. Qe3+ f4 25. Qxd2 Qc5 26. Qxf4+ g5 27. Re6+ Kg7 28. Qe5+ Qxe5 29. Rxe5 Kf6 30. Rde1 Rd8 31. Kc1 Rd7 32. g4 a6 33. Re6+ Kf7 34. Rxa6 Rd4 35. Ra7 Rf4 36. Rexe7+ Kf8 37. Reb7 Rxg4 38. fxg4 h5 39. gxh5 g4 40. h6 g3 41. hxg3 Ke8 42. h7 Kf8 43. h8N Ke8 44. Ng6 Kd8 45. Re7 1-0

[Event "AUS-ch U18"]
[Site "Adelaide"]
[Date "2009.01.06"]
[Round "5"]
[White "Choong, Yita"]
[Black "Dalton, Joshua"]
[Result "1-0"]
[WhiteElo "2058"]
[BlackElo "1359"]
[PlyCount "69"]
[EventDate "2009.01.02"]
[EventType "swiss"]
[EventRounds "11"]
[EventCountry "AUS"]
[SourceTitle "CBM 128 Extra"]
[Source "ChessBase"]
[SourceDate "2009.03.05"]
[SourceVersion "2"]
[SourceVersionDate "2009.03.25"]
[SourceQuality "1"]

1. d4 d5 2. c4 e6 3. Nc3 Nf6 4. Bg5 Nbd7 5. Nf3 c6 6. e3 Qa5 7. Nd2 dxc4 8. Bxf6 Nxf6 9. Nxc4 Qc7 10. Be2 Be7 11. 0-0 0-0 12. Rc1 Rd8 13. Qc2 Bd7 14. a3 Be8 15. b4 b6 16. Bf3 Rac8 17. Rfd1 Nd5 18. Ne4 f5 19. Nc3 Nxc3 20. Qxc3 Bf6 21. Qc2 c5 22. bxc5 bxc5 23. d5 Bf7 24. d6 Qd7 25. e4 fxe4 26. Qxe4 Bd4 27. Qf4 Rf8 28. Qg3 e5 29. Nxe5 Qxd6 30. Nxf7 Qxg3 31. Nh6+ gxh6 32. hxg3 Bb2 33. Rc2 Bd4 34. Rc4 Rf6 35. Rdxd4 1-0

[Event "AUS-ch U18"]
[Site "Adelaide"]
[Date "2009.01.04"]
[Round "3"]
[White "Choong, Yita"]
[Black "Horton, Vincent"]
[Result "1-0"]
[WhiteElo "2058"]
[BlackElo "1491"]
[PlyCount "105"]
[EventDate "2009.01.02"]
[EventType "swiss"]
[EventRounds "11"]
[EventCountry "AUS"]
[SourceTitle "CBM 128 Extra"]
[Source "ChessBase"]
[SourceDate "2009.03.05"]
[SourceVersion "2"]
[SourceVersionDate "2009.03.25"]
[SourceQuality "1"]

1. d4 Nf6 2. c4 g6 3. Nc3 Bg7 4. e4 d6 5. Be2 0-0 6. Bg5 Nbd7 7. Qd2 e5 8. d5 Nc5 9. f3 Bd7 10. g4 Qe8 11. h4 h5 12. Bxf6 Bxf6 13. gxh5 Qe7 14. 0-0-0 Bxh4 15. Kb1 Qg5 16. Qc2 Qe7 17. hxg6 fxg6 18. Nh3 Kf7 19. Rdf1 Ke8 20. Rfg1 Rg8 21. Qd2 Bf6 22. Nf2 Qf7 23. Rg2 Ke7 24. Nb5 a6 25. Nc3 Rh8 26. Rhg1 Rag8 27. Qd1 b6 28. Qc1 Ke8 29. Ncd1 Be7 30. Ne3 Bh4 31. Nfg4 Bg5 32. Nxe5 dxe5 33. Rxg5 Rh5 34. Qc3 Rxg5 35. Rxg5 Qh7 36. Qxe5+ Kd8 37. Qg3 Qh6 38. Nf5 Qh7 39. Nd4 Qg7 40. Qg1 Qf6 41. e5 Qf4 42. e6 Be8 43. Rg4 Qf6 44. Qe3 Rh8 45. Qg5 Qxg5 46. Rxg5 Rh4 47. Rg4 g5 48. Kc1 Bh5 49. Nc6+ Ke8 50. Rxg5 Kf8 51. e7+ Ke8 52. Rg8+ Kd7 53. Rd8# 1-0